[Event "Nordic-ch U20"]
[Site "Billund"]
[Date "2014.02.15"]
[Round "3"]
[White "Johansen, Stian"]
[Black "Haubro, Martin"]
[Result "0-1"]
[WhiteElo "2099"]
[BlackElo "2191"]
[PlyCount "74"]
[EventDate "2014.02.14"]
[EventType "swiss"]
[EventRounds "6"]
[EventCountry "DEN"]
[SourceTitle "EXT 2024"]
[Source "ChessBase"]
[SourceDate "2023.10.10"]
[SourceVersion "1"]
[SourceVersionDate "2023.10.10"]
[SourceQuality "1"]

1. e4 c5 2. Nf3 d6 3. d4 cxd4 4. Nxd4 Nf6 5. Nc3 a6 6. Bg5 Nbd7 7. f4 Qc7 8. Qf3 b5 9. 0-0-0 Bb7 10. Bxf6 Nxf6 11. g4 e6 12. g5 b4 13. Ncb5 axb5 14. gxf6 gxf6 15. Bxb5+ Ke7 16. Kb1 Bh6 17. Rhe1 Rhc8 18. b3 Ra5 19. Re2 Qb6 20. c4 bxc3 21. a4 Ba6 22. e5 dxe5 23. Nf5+ Kf8 24. Qh5 Bxf4 25. Nd6 Rc7 26. Qxh7 Bxb5 27. axb5 Qxd6 28. Rxd6 Ke7 29. Qd3 e4 30. Qd1 Bxd6 31. b6 Rc6 32. Qd4 Rb5 33. Kc2 Rcxb6 34. Qc4 f5 35. Rg2 Ra5 36. Rg8 Ra2+ 37. Kb1 Rb2+ 0-1

[Event "Rilton Cup 43rd"]
[Site "Stockholm"]
[Date "2014.01.03"]
[Round "7"]
[White "Johansen, Stian"]
[Black "Johansson, Gunnar"]
[Result "1/2-1/2"]
[WhiteElo "2079"]
[BlackElo "2244"]
[PlyCount "101"]
[EventDate "2013.12.27"]
[EventType "swiss"]
[EventRounds "9"]
[EventCountry "SWE"]
[SourceTitle "CBM 158 Extra"]
[Source "ChessBase"]
[SourceDate "2014.02.28"]
[SourceVersion "1"]
[SourceVersionDate "2014.02.28"]
[SourceQuality "1"]

1. e4 c5 2. Nf3 e6 3. d4 cxd4 4. Nxd4 Nc6 5. c4 Nf6 6. Nc3 Bb4 7. Qd3 0-0 8. Bg5 h6 9. Nxc6 dxc6 10. Qxd8 Rxd8 11. Bxf6 gxf6 12. Rc1 Rd4 13. f3 Bd7 14. a3 Ba5 15. b4 Bc7 16. Rd1 Rxd1+ 17. Kxd1 a5 18. Kc2 axb4 19. axb4 Be5 20. Kb2 Ra4 21. Kb3 Ra1 22. g3 Bxc3 23. Kxc3 Ra3+ 24. Kd4 b6 25. Bd3 e5+ 26. Ke3 Be6 27. Rc1 Rb3 28. b5 cxb5 29. cxb5 Bd7 30. Kd2 Bxb5 31. Bxb5 Rxb5 32. Rc6 Kg7 33. Kc3 h5 34. h4 Rb1 35. g4 Rf1 36. gxh5 Rxf3+ 37. Kc4 Kh6 38. Rxb6 Kxh5 39. Rb7 Kxh4 40. Rxf7 Kg3 41. Kd5 Kf2 42. Rf8 Ke3 43. Rf7 Rf1 44. Rf8 Rd1+ 45. Kc4 Rd4+ 46. Kc5 Kxe4 47. Rxf6 Rd8 48. Rf1 Rd3 49. Kc4 Rf3 50. Rh1 Ke3 51. Kd5 1/2-1/2

[Event "Politiken Cup 35th"]
[Site "Helsingor"]
[Date "2013.08.03"]
[Round "9"]
[White "Johansen, Stian"]
[Black "Garberg, Tore"]
[Result "0-1"]
[WhiteElo "2085"]
[BlackElo "1914"]
[PlyCount "62"]
[EventDate "2013.07.27"]
[EventType "swiss"]
[EventRounds "10"]
[EventCountry "DEN"]
[SourceTitle "CBM 155 Extra"]
[Source "ChessBase"]
[SourceDate "2013.08.26"]
[SourceVersion "1"]
[SourceVersionDate "2013.08.26"]
[SourceQuality "1"]

1. a3 d5 2. g3 e5 3. Bg2 c5 4. c4 d4 5. d3 Nf6 6. Bg5 h6 7. Bxf6 Qxf6 8. Nd2 Qb6 9. Ngf3 Nc6 10. 0-0 Be7 11. b4 cxb4 12. axb4 Bxb4 13. Qa4 0-0 14. Rfb1 a5 15. Qb5 Qc7 16. Ne4 Rb8 17. Nc5 Na7 18. Rxb4 Nxb5 19. Rxb5 b6 20. Ne4 f6 21. c5 Bd7 22. cxb6 Rxb6 23. Rd5 Rb5 24. Rxb5 Bxb5 25. Nh4 a4 26. Bh3 Bd7 27. Nf5 Kh7 28. g4 g6 29. Nfg3 f5 30. Nd2 Qc3 31. Ra2 Be6 0-1

[Event "Politiken Cup 35th"]
[Site "Helsingor"]
[Date "2013.07.31"]
[Round "6"]
[White "Roggensack, Hans Peter"]
[Black "Johansen, Stian"]
[Result "0-1"]
[WhiteElo "1950"]
[BlackElo "2085"]
[PlyCount "94"]
[EventDate "2013.07.27"]
[EventType "swiss"]
[EventRounds "10"]
[EventCountry "DEN"]
[SourceTitle "CBM 155 Extra"]
[Source "ChessBase"]
[SourceDate "2013.08.26"]
[SourceVersion "1"]
[SourceVersionDate "2013.08.26"]
[SourceQuality "1"]

1. e4 g6 2. d4 Bg7 3. Nf3 c5 4. d5 d6 5. Nc3 Bg4 6. Be2 Bxf3 7. Bxf3 Qa5 8. Bd2 b5 9. Qe2 b4 10. Qb5+ Qxb5 11. Nxb5 Kd7 12. a3 Bxb2 13. Ra2 bxa3 14. Be2 Nf6 15. f3 e6 16. c4 Na6 17. Nxa3 Bxa3 18. Rxa3 Nb4 19. Bd1 a5 20. Ba4+ Ke7 21. Ke2 Nd7 22. dxe6 fxe6 23. Bxd7 Kxd7 24. Rd1 Kc6 25. Bc3 e5 26. f4 Nc2 27. Rxa5 Nd4+ 28. Kd3 Rxa5 29. Bxa5 exf4 30. Bc3 Ra8 31. Ra1 Rxa1 32. Bxa1 Ne6 33. Bf6 g5 34. Bc3 g4 35. Bf6 h5 36. Bc3 h4 37. Bf6 f3 38. Bxh4 fxg2 39. Bf2 Nf4+ 40. Kd2 Nh3 41. Ke3 g1Q 42. Bxg1 Nxg1 43. Kf4 Nf3 44. h3 gxh3 45. Kxf3 Kd7 46. Kg3 Ke6 47. Kxh3 Ke5 0-1

[Event "Oslo Sveins op 6th"]
[Site "Oslo"]
[Date "2013.06.21"]
[Round "1"]
[White "Davis, Katherine"]
[Black "Johansen, Stian"]
[Result "0-1"]
[WhiteElo "1637"]
[BlackElo "2081"]
[PlyCount "102"]
[EventDate "2013.06.21"]
[EventType "swiss"]
[EventRounds "9"]
[EventCountry "NOR"]
[SourceTitle "CBM 155 Extra"]
[Source "ChessBase"]
[SourceDate "2013.08.26"]
[SourceVersion "1"]
[SourceVersionDate "2013.08.26"]
[SourceQuality "1"]

1. e4 g6 2. d4 Bg7 3. Nc3 d6 4. Bc4 a6 5. a4 c5 6. Nge2 Nf6 7. f3 cxd4 8. Nxd4 Qb6 9. Ba2 0-0 10. Nb3 Nc6 11. Qe2 Nb4 12. Bb1 Be6 13. Be3 Qc7 14. Nd4 Bc4 15. Qd2 d5 16. b3 e5 17. bxc4 exd4 18. Bxd4 dxe4 19. Nxe4 Nxe4 20. fxe4 Rad8 21. Qxb4 Rxd4 22. 0-0 Rxc4 23. Qa3 Bd4+ 24. Kh1 Bxa1 25. Qxa1 Rxe4 26. Qa3 Qc4 27. Qf3 Rfe8 28. c3 Rf4 29. Bd3 Rxf3 30. Bxc4 Rxf1+ 31. Bxf1 Re1 32. Kg1 Ra1 33. Kf2 Rxa4 34. Be2 Ra2 35. Ke3 Rxe2+ 36. Kxe2 Kf8 37. Ke3 Ke7 38. Kd4 Kd6 39. Kc4 f5 40. g3 g5 41. h3 a5 42. Kb5 f4 43. gxf4 gxf4 44. c4 f3 45. c5+ Kd5 46. Kb6 f2 47. Kxb7 f1Q 48. c6 Qb5+ 49. Kc7 Qxc6+ 50. Kd8 Kd6 51. h4 Qd7# 0-1

[Event "Fagernes Norsk op"]
[Site "Fagernes"]
[Date "2013.03.24"]
[Round "4"]
[White "Hansen, Torbjorn Ringdal"]
[Black "Johansen, Stian"]
[Result "1-0"]
[WhiteElo "2463"]
[BlackElo "2098"]
[PlyCount "57"]
[EventDate "2013.03.24"]
[EventType "swiss"]
[EventRounds "9"]
[EventCountry "NOR"]
[SourceTitle "CBM 153 Extra"]
[Source "ChessBase"]
[SourceDate "2013.04.22"]
[SourceVersion "1"]
[SourceVersionDate "2013.04.22"]
[SourceQuality "1"]

1. c4 Nf6 2. Nf3 g6 3. Nc3 c5 4. g3 Nc6 5. Bg2 Bg7 6. d4 cxd4 7. Nxd4 Nxd4 8. Qxd4 d6 9. 0-0 0-0 10. Qd3 Bf5 11. e4 Be6 12. Bd2 Rc8 13. b3 Nd7 14. Rac1 Nc5 15. Qe3 a5 16. Nd5 Bd7 17. Rfd1 Bc6 18. Qe2 e5 19. Be3 Bxd5 20. Rxd5 Qc7 21. Rcd1 Ne6 22. Bh3 Rcd8 23. Bxe6 fxe6 24. Rb5 Ra8 25. Bb6 Qc6 26. Bxa5 Ra6 27. Bb4 Rd8 28. a4 Bf8 29. Rxe5 1-0

[Event "Alta CC 40 years"]
[Site "Alta"]
[Date "2013.03.17"]
[Round "7"]
[White "Galchenko, Vadim"]
[Black "Johansen, Stian"]
[Result "1/2-1/2"]
[WhiteElo "1882"]
[BlackElo "2098"]
[PlyCount "112"]
[EventDate "2013.03.15"]
[EventType "swiss"]
[EventCountry "NOR"]
[SourceTitle "EXT 2024"]
[Source "ChessBase"]
[SourceDate "2023.10.10"]
[SourceVersion "1"]
[SourceVersionDate "2023.10.10"]
[SourceQuality "1"]

1. e4 g6 2. d4 Bg7 3. c4 c5 4. d5 d6 5. Nc3 Nf6 6. Bg5 0-0 7. Qd2 Re8 8. Be2 e6 9. dxe6 Bxe6 10. 0-0-0 Nc6 11. h4 Qa5 12. Nf3 Ng4 13. Bd3 Nb4 14. Bb1 Bxc4 15. a3 Bxc3 16. Qxc3 Na2+ 17. Bxa2 Qxc3+ 18. bxc3 Bxa2 19. Rd2 Bc4 20. Re1 b5 21. Bf4 Ne5 22. Nxe5 dxe5 23. Be3 Rec8 24. Bg5 Kg7 25. Rd6 Be6 26. Kb2 a5 27. Red1 h6 28. Be3 b4 29. Rb6 c4 30. axb4 axb4 31. Rxb4 Ra6 32. Ra1 Rxa1 33. Kxa1 Rd8 34. Kb2 Rh8 35. Kc2 g5 36. hxg5 hxg5 37. Bxg5 Rh2 38. Be3 Rxg2 39. Kd2 Rg4 40. f3 Rg2+ 41. Ke1 Rc2 42. Bd2 Kg6 43. Ke2 Ra2 44. Rb5 f6 45. Rb6 Bd7 46. Rb8 Ba4 47. Ke3 Bc2 48. Rg8+ Kf7 49. Rg1 Bd3 50. Rh1 Ra8 51. Rh7+ Ke6 52. Rh2 Rg8 53. Kf2 Rd8 54. Ke1 Ra8 55. Kf2 Ra1 56. Rg2 Rf1+ 1/2-1/2

[Event "Alta CC 40 years"]
[Site "Alta"]
[Date "2013.03.16"]
[Round "4"]
[White "Hammer, Jon Ludvig"]
[Black "Johansen, Stian"]
[Result "1-0"]
[WhiteElo "2629"]
[BlackElo "2098"]
[PlyCount "75"]
[EventDate "2013.03.15"]
[EventType "swiss"]
[EventCountry "NOR"]
[SourceTitle "EXT 2024"]
[Source "ChessBase"]
[SourceDate "2023.10.10"]
[SourceVersion "1"]
[SourceVersionDate "2023.10.10"]
[SourceQuality "1"]

1. d4 Nf6 2. c4 c5 3. d5 b5 4. cxb5 a6 5. bxa6 g6 6. Nc3 Bxa6 7. e4 Bxf1 8. Kxf1 d6 9. g3 Bg7 10. Kg2 0-0 11. Nf3 Nbd7 12. a4 Qb6 13. Qe2 Rfb8 14. Nb5 Ne8 15. Nd2 Qa6 16. Ra3 Nc7 17. Nb1 Nb6 18. Re1 Nxb5 19. axb5 Qb7 20. h4 Na4 21. Rb3 Nb6 22. h5 Ra4 23. hxg6 hxg6 24. Nc3 Rb4 25. Qd1 Na8 26. Rxb4 cxb4 27. Ne2 e5 28. dxe6 Qxe4+ 29. Kg1 Qxe6 30. Nf4 Qd7 31. Nd5 Rxb5 32. Ne7+ Kf8 33. Qf3 Nc7 34. Nxg6+ Kg8 35. Ne7+ Kf8 36. Ng6+ Kg8 37. Ne7+ Kf8 38. g4 1-0

[Event "Reykjavik op"]
[Site "Reykjavik"]
[Date "2013.02.21"]
[Round "4"]
[White "Miedema, David"]
[Black "Johansen, Stian"]
[Result "1-0"]
[WhiteElo "2364"]
[BlackElo "2090"]
[PlyCount "75"]
[EventDate "2013.02.19"]
[EventType "swiss"]
[EventRounds "10"]
[EventCountry "ISL"]
[SourceTitle "CBM 153 Extra"]
[Source "ChessBase"]
[SourceDate "2013.04.22"]
[SourceVersion "1"]
[SourceVersionDate "2013.04.22"]
[SourceQuality "1"]

1. Nf3 Nf6 2. c4 g6 3. Nc3 Bg7 4. g3 0-0 5. Bg2 c5 6. 0-0 Nc6 7. d4 cxd4 8. Nxd4 Nxd4 9. Qxd4 d6 10. Qd3 Qc7 11. b3 Bf5 12. Qe3 Rfd8 13. Bd2 Qd7 14. Rfd1 Bh3 15. Bh1 Ng4 16. Qf3 Rab8 17. Rac1 Bd4 18. Be1 e5 19. e3 Bc5 20. Ne4 Ba3 21. Rc2 Qe7 22. Bg2 Bxg2 23. Kxg2 f5 24. h3 Nh6 25. Nc3 e4 26. Qe2 Nf7 27. Nd5 Qe6 28. Rc3 a5 29. Rc2 b6 30. Nc7 Qe7 31. Nb5 Bc5 32. a3 d5 33. cxd5 Bxa3 34. Rc7 Qf8 35. Bc3 Bd6 36. Nxd6 Qxd6 37. Rc6 Qa3 38. Qd2 1-0

[Event "Reykjavik op"]
[Site "Reykjavik"]
[Date "2013.02.20"]
[Round "3"]
[White "Johansen, Stian"]
[Black "Billot, Daniel"]
[Result "1-0"]
[WhiteElo "2090"]
[BlackElo "1731"]
[PlyCount "73"]
[EventDate "2013.02.19"]
[EventType "swiss"]
[EventRounds "10"]
[EventCountry "ISL"]
[SourceTitle "CBM 153 Extra"]
[Source "ChessBase"]
[SourceDate "2013.04.22"]
[SourceVersion "1"]
[SourceVersionDate "2013.04.22"]
[SourceQuality "1"]

1. d4 Nf6 2. c4 c5 3. d5 b5 4. cxb5 a6 5. bxa6 Bxa6 6. Nc3 g6 7. e4 Bxf1 8. Kxf1 d6 9. g3 Bg7 10. Kg2 0-0 11. Nf3 Nbd7 12. Qe2 Ng4 13. Nd2 f5 14. h3 Nh6 15. Nc4 fxe4 16. Bxh6 Bxh6 17. Qxe4 Nb6 18. Rhe1 Bg7 19. Nd2 Ra7 20. Nf3 Qa8 21. Nb5 Ra4 22. Qe6+ Kh8 23. Nc7 Qb7 24. Qxe7 Nxd5 25. Nxd5 Qxd5 26. Re3 Raa8 27. Rae1 Rxa2 28. R1e2 Raa8 29. Re4 Qb3 30. Ng5 h6 31. Rh4 Qd5+ 32. Kh2 Ra1 33. Rxh6+ Kg8 34. f3 Rxf3 35. Nxf3 Qxf3 36. Qe6+ Kf8 37. Qe8# 1-0

[Event "Rilton Cup 42nd"]
[Site "Stockholm"]
[Date "2013.01.04"]
[Round "8"]
[White "Johansson, Gunnar"]
[Black "Johansen, Stian"]
[Result "1/2-1/2"]
[WhiteElo "2223"]
[BlackElo "2018"]
[PlyCount "113"]
[EventDate "2012.12.27"]
[EventType "swiss"]
[EventRounds "9"]
[EventCountry "SWE"]
[SourceTitle "CBM 152 Extra"]
[Source "ChessBase"]
[SourceDate "2013.02.25"]
[SourceVersion "1"]
[SourceVersionDate "2013.02.25"]
[SourceQuality "1"]

1. d4 g6 2. e4 Bg7 3. c4 c5 4. d5 d6 5. Be2 Nf6 6. Nc3 b5 7. cxb5 a6 8. Nf3 0-0 9. 0-0 Nbd7 10. a4 axb5 11. Bxb5 Ba6 12. Qc2 Ng4 13. Rb1 h6 14. b3 f5 15. Bb2 f4 16. Bxa6 Rxa6 17. Nb5 Bxb2 18. Rxb2 g5 19. Na3 Qe8 20. Qe2 Ra7 21. Nc4 Qg6 22. Re1 Nge5 23. Nfxe5 dxe5 24. f3 h5 25. Reb1 g4 26. Kh1 Rb8 27. Qd3 Rb4 28. Qc3 Qg5 29. a5 Kh7 30. Nb6 Rb5 31. Nc4 Rb4 32. Nb6 Rb5 33. Nxd7 Rxd7 34. Ra2 Ra7 35. Rba1 Qf6 36. Qc4 Qa6 37. fxg4 hxg4 38. Qe2 Rxb3 39. Qxg4 Qf6 40. Ra3 Rab7 41. Rxb3 Rxb3 42. Qd1 Rb7 43. Qg4 Rb3 44. Qe6 Qxe6 45. dxe6 c4 46. Kg1 c3 47. Kf2 c2 48. Rc1 Rb2 49. Kf3 Kg6 50. g3 fxg3 51. Kxg3 Ra2 52. Kg4 Kf6 53. h4 Ra4 54. Kf3 Ra3+ 55. Kg4 Ra4 56. Kf3 Ra3+ 57. Kg4 1/2-1/2

[Event "Rilton Cup 42nd"]
[Site "Stockholm"]
[Date "2013.01.03"]
[Round "7"]
[White "Johansen, Stian"]
[Black "Lissang, Christopher"]
[Result "0-1"]
[WhiteElo "2018"]
[BlackElo "2257"]
[PlyCount "60"]
[EventDate "2012.12.27"]
[EventType "swiss"]
[EventRounds "9"]
[EventCountry "SWE"]
[SourceTitle "CBM 152 Extra"]
[Source "ChessBase"]
[SourceDate "2013.02.25"]
[SourceVersion "1"]
[SourceVersionDate "2013.02.25"]
[SourceQuality "1"]

1. e4 c5 2. Nf3 d6 3. d4 cxd4 4. Nxd4 Nf6 5. Nc3 Nc6 6. Bg5 Bd7 7. Qd2 Rc8 8. f4 Nxd4 9. Qxd4 Qa5 10. e5 dxe5 11. fxe5 e6 12. exf6 Qxg5 13. Ne4 Qa5+ 14. c3 g6 15. 0-0-0 Ba4 16. Bc4 Rd8 17. Qxd8+ Qxd8 18. Rxd8+ Kxd8 19. Ng5 Ke8 20. h4 Bc6 21. Kc2 Bd6 22. Re1 Bg3 23. Re2 Bxh4 24. Nxf7 Kxf7 25. Rxe6 Kf8 26. Rd6 Be8 27. Rd8 Bxf6 28. Rb8 b6 29. Kd3 Ke7 30. Rb7+ Kd6 0-1

[Event "Kragero Grand Prix A"]
[Site "Kragero"]
[Date "2013.??.??"]
[Round "2"]
[White "Dyrnes, Jussi"]
[Black "Johansen, Stian"]
[Result "0-1"]
[WhiteElo "1605"]
[BlackElo "2028"]
[PlyCount "54"]
[EventDate "2013.08.31"]
[EventType "swiss"]
[EventRounds "5"]
[EventCountry "NOR"]
[SourceTitle "EXT 2024"]
[Source "ChessBase"]
[SourceDate "2023.10.10"]
[SourceVersion "1"]
[SourceVersionDate "2023.10.10"]
[SourceQuality "1"]

1. d4 g6 2. e4 Bg7 3. Nf3 a6 4. c4 c5 5. d5 b5 6. Qc2 bxc4 7. Bxc4 d6 8. 0-0 Nd7 9. Bd2 Ngf6 10. Bc3 0-0 11. Nbd2 Nb6 12. Ba5 Rb8 13. Rab1 Qe8 14. b4 Nxc4 15. Nxc4 Nxe4 16. Nh4 Nc3 17. Rb3 cxb4 18. Bxb4 Nxd5 19. Bd2 Rxb3 20. axb3 Qc6 21. Qe4 Bf6 22. Rc1 Qb5 23. Bh6 Rd8 24. g3 Nc3 25. Qe3 Qxb3 26. Nd2 Qb2 27. Ne4 Qxc1+ 0-1

[Event "Benidorm op U2300 11th"]
[Site "Benidorm"]
[Date "2012.12.04"]
[Round "5"]
[White "Reyes Larenas, Luis A"]
[Black "Johansen, Stian"]
[Result "0-1"]
[WhiteElo "2198"]
[BlackElo "2018"]
[PlyCount "63"]
[EventDate "2012.11.30"]
[EventType "swiss"]
[EventRounds "10"]
[EventCountry "ESP"]
[SourceTitle "EXT 2014"]
[Source "ChessBase"]
[SourceDate "2013.11.20"]
[SourceVersion "1"]
[SourceVersionDate "2013.11.20"]
[SourceQuality "1"]

1. e4 e5 2. Nf3 Nc6 3. Bb5 a6 4. Ba4 Nf6 5. d3 b5 6. Bb3 Be7 7. 0-0 0-0 8. c3 d5 9. Qe2 dxe4 10. dxe4 h6 11. Rd1 Bd6 12. Nbd2 Nh5 13. Nf1 Qf6 14. Be3 Bd7 15. Ng3 Nxg3 16. hxg3 Rad8 17. Bc2 Ne7 18. Bb3 Bg4 19. a4 Qg6 20. axb5 axb5 21. Qxb5 Qxe4 22. Nd2 Qg6 23. Rdc1 Rb8 24. Qa4 Rfd8 25. Ne4 Bd7 26. Qa2 Rxb3 27. Qxb3 Qxe4 28. Kh2 Qg6 29. Ba7 Be6 30. Qc2 Ra8 31. b4 e4 32. b5 0-1

[Event "Benidorm op U2300 11th"]
[Site "Benidorm"]
[Date "2012.12.01"]
[Round "2"]
[White "Johansen, Stian"]
[Black "Gallardo Fernandez, Cesar"]
[Result "0-1"]
[WhiteElo "2018"]
[BlackElo "2201"]
[PlyCount "72"]
[EventDate "2012.11.30"]
[EventType "swiss"]
[EventRounds "10"]
[EventCountry "ESP"]
[SourceTitle "EXT 2014"]
[Source "ChessBase"]
[SourceDate "2013.11.20"]
[SourceVersion "1"]
[SourceVersionDate "2013.11.20"]
[SourceQuality "1"]

1. e4 e5 2. Nf3 d6 3. Bc4 c6 4. d4 Qc7 5. Ng5 Nh6 6. 0-0 Nd7 7. c3 b5 8. Bb3 Bb7 9. a4 a6 10. Qf3 Nf6 11. axb5 cxb5 12. d5 Nhg4 13. h3 h6 14. Nxf7 Qxf7 15. hxg4 Qg6 16. Qf5 Qxf5 17. gxf5 Nxe4 18. Be3 Be7 19. f3 Ng3 20. Rd1 Nxf5 21. Bf2 Bg5 22. Nd2 Ne3 23. Re1 Nxg2 24. Ne4 Nxe1 25. Nxd6+ Kd7 26. Nxb7 Nxf3+ 27. Kg2 Nh4+ 28. Kh3 Nf5 29. Nc5+ Ke7 30. Re1 Bf6 31. Kg4 g6 32. Bd4 Rhe8 33. d6+ Nxd6 34. Bxe5 Bxe5 35. Rxe5+ Kf6 36. Rd5 Nf5 0-1

[Event "Politiken Cup 34th"]
[Site "Helsingor"]
[Date "2012.08.05"]
[Round "10"]
[White "Randlov, Carsten"]
[Black "Johansen, Stian"]
[Result "0-1"]
[WhiteElo "1860"]
[BlackElo "2021"]
[PlyCount "50"]
[EventDate "2012.07.28"]
[EventType "swiss"]
[EventRounds "10"]
[EventCountry "DEN"]
[SourceTitle "CBM 149 Extra"]
[Source "ChessBase"]
[SourceDate "2012.08.24"]
[SourceVersion "1"]
[SourceVersionDate "2012.08.24"]
[SourceQuality "1"]

1. d4 g6 2. e4 Bg7 3. Nc3 d6 4. Be3 a6 5. f4 b5 6. Nf3 Bb7 7. Bd3 Nd7 8. 0-0 c5 9. d5 Ngf6 10. Ng5 h6 11. Ne6 fxe6 12. dxe6 Nf8 13. e5 dxe5 14. fxe5 c4 15. exf6 Bxf6 16. Bxg6+ Nxg6 17. Qh5 Rg8 18. Qxh6 Qc7 19. Rad1 Rd8 20. Rxd8+ Kxd8 21. Bg5 Bd4+ 22. Be3 Rh8 23. Qxg6 Bxe3+ 24. Rf2 Bxf2+ 25. Kxf2 Rf8+ 0-1

[Event "Politiken Cup 34th"]
[Site "Helsingor"]
[Date "2012.08.03"]
[Round "8"]
[White "Andersen, Morten"]
[Black "Johansen, Stian"]
[Result "1/2-1/2"]
[WhiteElo "2181"]
[BlackElo "2021"]
[PlyCount "53"]
[EventDate "2012.07.28"]
[EventType "swiss"]
[EventRounds "10"]
[EventCountry "DEN"]
[SourceTitle "CBM 149 Extra"]
[Source "ChessBase"]
[SourceDate "2012.08.24"]
[SourceVersion "1"]
[SourceVersionDate "2012.08.24"]
[SourceQuality "1"]

1. c4 d5 2. cxd5 Qxd5 3. Nc3 Qd8 4. g3 g6 5. Bg2 Bg7 6. Nf3 Nf6 7. d3 0-0 8. 0-0 c6 9. e4 Na6 10. h3 Nc5 11. Ne1 e5 12. Be3 Ne6 13. Qd2 Re8 14. f4 Nd4 15. fxe5 Rxe5 16. Qf2 c5 17. Nf3 Nxf3+ 18. Qxf3 Be6 19. Rad1 Qa5 20. d4 cxd4 21. Bxd4 Nd7 22. Bxe5 Nxe5 23. Qe3 Nc4 24. Qf3 Qb6+ 25. Kh1 Bxc3 26. Qxc3 Ne3 27. b3 1/2-1/2

[Event "Politiken Cup 34th"]
[Site "Helsingor"]
[Date "2012.08.02"]
[Round "7"]
[White "Johansen, Stian"]
[Black "Okland, Sveinung"]
[Result "1-0"]
[WhiteElo "2021"]
[BlackElo "1846"]
[PlyCount "61"]
[EventDate "2012.07.28"]
[EventType "swiss"]
[EventRounds "10"]
[EventCountry "DEN"]
[SourceTitle "CBM 149 Extra"]
[Source "ChessBase"]
[SourceDate "2012.08.24"]
[SourceVersion "1"]
[SourceVersionDate "2012.08.24"]
[SourceQuality "1"]

1. e4 d5 2. exd5 Qxd5 3. Nc3 Qd6 4. Nf3 Nf6 5. g3 g6 6. Bg2 Bg7 7. 0-0 0-0 8. d4 c6 9. Bf4 Qd8 10. Re1 Bg4 11. h3 Bxf3 12. Bxf3 e6 13. Qd2 Nbd7 14. Rad1 Re8 15. Bg5 Qa5 16. Bg2 Rad8 17. Qf4 Nh5 18. Bxd8 Qxd8 19. Qe3 Nb6 20. b3 Nf6 21. Qd2 Qc7 22. Ne4 Rd8 23. Nxf6+ Bxf6 24. Qe3 Nd5 25. Bxd5 cxd5 26. Rc1 Qa5 27. a4 Qb4 28. c3 Qxb3 29. Rb1 Qxa4 30. Rxb7 Rc8 31. Rxf7 1-0

[Event "Politiken Cup 34th"]
[Site "Helsingor"]
[Date "2012.07.31"]
[Round "5"]
[White "Johansen, Stian"]
[Black "Nassetti, Francesco"]
[Result "0-1"]
[WhiteElo "2021"]
[BlackElo "1843"]
[PlyCount "46"]
[EventDate "2012.07.28"]
[EventType "swiss"]
[EventRounds "10"]
[EventCountry "DEN"]
[SourceTitle "CBM 149 Extra"]
[Source "ChessBase"]
[SourceDate "2012.08.24"]
[SourceVersion "1"]
[SourceVersionDate "2012.08.24"]
[SourceQuality "1"]

1. e4 Nf6 2. e5 Nd5 3. c4 Nb6 4. d4 d6 5. Nf3 g6 6. Nc3 dxe5 7. Nxe5 Bg7 8. Be3 0-0 9. Qb3 Nc6 10. Nxc6 bxc6 11. Rd1 e6 12. a4 Qe7 13. a5 Nd7 14. Qa4 Rb8 15. Qxc6 Rxb2 16. Qxc7 Qb4 17. Rc1 e5 18. d5 e4 19. Bd2 Rxd2 20. Kxd2 Bh6+ 21. Kc2 Bxc1 22. Nxe4 Qb2+ 23. Kd1 f5 0-1

[Event "Oslo Sveins op 5th"]
[Site "Oslo"]
[Date "2012.06.25"]
[Round "7"]
[White "Johansen, Stian"]
[Black "Omtvedt, Per"]
[Result "0-1"]
[WhiteElo "1997"]
[BlackElo "2117"]
[PlyCount "76"]
[EventDate "2012.06.22"]
[EventType "swiss"]
[EventRounds "9"]
[EventCountry "NOR"]
[SourceTitle "CBM 149 Extra"]
[Source "ChessBase"]
[SourceDate "2012.08.24"]
[SourceVersion "1"]
[SourceVersionDate "2012.08.24"]
[SourceQuality "1"]

1. d4 d5 2. c4 c6 3. Nf3 Nf6 4. Nc3 dxc4 5. a4 Bf5 6. e3 e6 7. Bxc4 Bb4 8. 0-0 0-0 9. Qb3 Qe7 10. Bd2 a5 11. Rfe1 Bg6 12. Nh4 Nbd7 13. Nxg6 hxg6 14. e4 e5 15. Bg5 exd4 16. e5 Nxe5 17. f4 dxc3 18. Rxe5 cxb2 19. Qxb2 Qc7 20. Qc2 Ng4 21. Re2 Rfe8 22. h3 Rxe2 23. Qxe2 Nf6 24. Qc2 Kf8 25. Rf1 Qd6 26. Rd1 Qc5+ 27. Kh1 Nd5 28. Qb3 Re8 29. Bxd5 cxd5 30. Rxd5 Qf2 31. Kh2 Bc5 32. Rd1 f6 33. Qc4 b6 34. Rf1 Qd4 35. Qc2 Qe4 36. Qb3 Rd8 37. Bh4 Rd3 38. Qb5 Rd2 0-1

[Event "Oslo Sveins op 5th"]
[Site "Oslo"]
[Date "2012.06.22"]
[Round "3"]
[White "Arntsen, Frode"]
[Black "Johansen, Stian"]
[Result "1/2-1/2"]
[WhiteElo "1815"]
[BlackElo "1997"]
[PlyCount "85"]
[EventDate "2012.06.22"]
[EventType "swiss"]
[EventRounds "9"]
[EventCountry "NOR"]
[SourceTitle "CBM 149 Extra"]
[Source "ChessBase"]
[SourceDate "2012.08.24"]
[SourceVersion "1"]
[SourceVersionDate "2012.08.24"]
[SourceQuality "1"]

1. c4 g6 2. g3 Bg7 3. Bg2 c5 4. Nc3 Nc6 5. Nf3 Nf6 6. 0-0 0-0 7. d4 cxd4 8. Nxd4 Qb6 9. Nb3 d6 10. Be3 Qd8 11. Rc1 Ng4 12. Bf4 Nge5 13. c5 dxc5 14. Nxc5 Qxd1 15. Rfxd1 Bf5 16. Nxb7 Rac8 17. Ne4 Nd7 18. Ned6 exd6 19. Rxc6 Rxc6 20. Bxc6 Ne5 21. Bd5 g5 22. Bxg5 Rb8 23. b3 Bf8 24. Kg2 Kg7 25. Rc1 Nd7 26. Bf4 Ne5 27. h3 h5 28. Rc7 Bg6 29. Bg5 Bf5 30. f4 Kg6 31. fxe5 Kxg5 32. exd6 Kf6 33. Rxf7+ Kg6 34. e4 Bxe4+ 35. Bxe4+ Kxf7 36. Bd5+ Kf6 37. Nc5 Rb5 38. Nd7+ Kg7 39. Bc6 Ra5 40. Nxf8 Rxa2+ 41. Kf3 Kxf8 42. Ke4 Kf7 43. Kf5 1/2-1/2

[Event "Fagernes Norsk op"]
[Site "Fagernes"]
[Date "2012.05.01"]
[Round "5"]
[White "Johansen, Stian"]
[Black "Rozentalis, Eduardas"]
[Result "1-0"]
[WhiteElo "1961"]
[BlackElo "2601"]
[PlyCount "81"]
[EventDate "2012.04.28"]
[EventType "swiss"]
[EventRounds "9"]
[EventCountry "NOR"]
[SourceTitle "CBM 148 Extra"]
[Source "ChessBase"]
[SourceDate "2012.06.22"]
[SourceVersion "1"]
[SourceVersionDate "2012.06.22"]
[SourceQuality "1"]

1. d4 Nf6 2. c4 e6 3. Nc3 Bb4 4. Qc2 0-0 5. Nf3 b6 6. Bg5 Bb7 7. e3 h6 8. Bh4 c5 9. a3 Bxc3+ 10. bxc3 d6 11. Bd3 Nbd7 12. 0-0 cxd4 13. cxd4 Qc7 14. Rac1 e5 15. Nd2 Rfe8 16. f3 exd4 17. exd4 Nh5 18. Be4 Rac8 19. Bxb7 Qxb7 20. Ne4 Re6 21. Qd2 Rg6 22. Be7 Qc7 23. g4 f5 24. Nxd6 fxg4 25. fxg4 Ndf6 26. Nxc8 Qxc8 27. h3 Ng3 28. Rf3 Nge4 29. Qg2 h5 30. Bxf6 hxg4 31. Be5 Rg5 32. hxg4 Rxg4 33. Bg3 Qd8 34. d5 Qg5 35. Rcc3 Nxc3 36. Rxc3 Rd4 37. Qe2 Rd2 38. Qe8+ Kh7 39. Qe4+ Kg8 40. Rf3 Rd1+ 41. Kg2 1-0